[Event "Bahn-chS 75"]
[Site "Bad Wildungen"]
[Date "2000.09.27"]
[Round "4"]
[White "Lindner, Georg"]
[Black "Kietzmann, Heinz"]
[Result "1/2-1/2"]
[WhiteElo "1493"]
[BlackElo "1522"]
[PlyCount "35"]
[EventDate "2000.09.24"]
[EventType "swiss"]
[EventRounds "7"]
[EventCountry "GER"]
[SourceTitle "EXT 2003"]
[Source "ChessBase"]
[SourceDate "2002.11.25"]
[SourceVersion "1"]
[SourceVersionDate "2002.11.25"]
[SourceQuality "1"]

1. d4 d5 2. e4 e6 3. Nc3 dxe4 4. Nxe4 c6 5. Nf3 Nf6 6. Bg5 Be7 7. Bd3 Nxe4 8. Bxe7 Nxf2 9. Bxd8 Nxd1 10. Rxd1 Kxd8 11. 0-0 f6 12. Bc4 Bd7 13. Nd2 b5 14. Bb3 f5 15. Nf3 Rf8 16. Ng5 h6 17. Nxe6+ Bxe6 18. Bxe6 1/2-1/2